000 00701nam a2200217Ii 4500
001 12097
003 CO-ViMGA
008 241108s9999||||xx |||||||||||||| ||und||
020 _a958900461X
040 _aCO-ViMGA
_bspa
_erda
_cCO-ViMGA
041 0 _aunk
082 0 4 _a304.209861 G26
100 1 _aAdriana Ordoñez Vásquez
_953252
245 1 0 _aGeografía humana de Colombia:
_bVariación biológica y cultural
264 1 _a[Lugar de publicación no identificado] : Instituto Colombiano de Cultura, 2000
300 _avolumen
336 _atext
_btxt
_2rdacontent
337 _aunmediated
_bn
_2rdamedia
338 _avolume
_bnc
_2rdacarrier
940 _aidficha_siabuc: 11807. -- ficha_no_siabuc:12097
999 _c49817
_d49817